Una parola per due (Record n. 206366)

Dettagli MARC
000 -LEADER
fixed length control field 00769npc a2200205Ia 4500
001 - CONTROL NUMBER
control field dp6-472 [d000000378]
003 - CONTROL NUMBER IDENTIFIER
control field IT-MiCISF
008 - FIXED-LENGTH DATA ELEMENTS--GENERAL INFORMATION
fixed length control field 161014s9999||||xx | und||
040 ## - CATALOGING SOURCE
Original cataloging agency IT-MiCISF
Transcribing agency IT-MiCISF
041 ## - LANGUAGE CODE
Language code of text/sound track or separate title it
999 ## - SYSTEM CONTROL NUMBERS (KOHA)
Koha Dewey Subclass [OBSOLETE] si
100 ## - MAIN ENTRY--PERSONAL NAME
Personal name Bernardini Eugenio (a cura di)
245 #0 - TITLE STATEMENT
Title Una parola per due
Remainder of title Preparazione alla vita di coppia
250 ## - EDITION STATEMENT
Edition statement 1a ed.
260 ## - PUBLICATION, DISTRIBUTION, ETC. (IMPRINT)
Place of publication, distribution, etc. Torino
Name of publisher, distributor, etc. Claudiana
Date of publication, distribution, etc. 1990 [Edizione originale: 1986]
300 ## - PHYSICAL DESCRIPTION
Extent p. 48
500 ## - GENERAL NOTE
General note pubblicato per la prima volta nel 1986 dalla Commissione sul matrimonio della Chiesa riformata di Francia / coppia, relazione-di-coppia, bibbia, chiesa, sessualità, rapporti-genitori-figli, matrimonio, celebrazione-matrimonio /
650 ## - SUBJECT ADDED ENTRY--TOPICAL TERM
Topical term or geographic name as entry element coppia
942 ## - ADDED ENTRY ELEMENTS (KOHA)
Koha item type DOCUMENTI
957 ## -
-- 1
999 ## - SYSTEM CONTROL NUMBERS (KOHA)
-- 1
Dati di copia
Withdrawn status Lost status Damaged status Not for loan Home library Current library Date acquired Total Checkouts Full call number Date last seen Price effective from Koha item type Public note
    Buone Condizioni Not For Loan CISF - Milano CISF - Milano 14/10/2016   dp6-472 [d000000378] 14/10/2016 14/10/2016 DOCUMENTI Data import 15.10.2016 / by Epidotti, Vaglietti
CREDITS: SOCIETA' SAN PAOLO Via A.Severo, 58 - ROMA (RM) & PERIODICI SAN PAOLO SRL Via Giotto, 36 MILANO & CISF Via Giotto, 36 MILANO & EDIZIONI SAN PAOLO SRL,  Piazza Soncino, 5 CINISELLO BALSAMO (MI) -- ITALY